00660nam a2200205 i 4500001000300000245006200003250003500065260003900100300002000139500002300159650002400182655002000206700004000226020001500266040000800281041000700289080001900296008004100315856009800356bg 0aStahlbau-Profile /cbearb. von Martha Schnaider-Bürger. a21., neu bearb. und erw. Aufl. aDüsseldorf :bStahleisen,c1996. a60 s. ;c21 cm. aGłównie tabele. 9aKonstrukcje stalowe aTablice i wzory1 aSCHNEIDER-BÜRGER, Martha.eOprac. a3514005826 cBPK0 ade a624.014(083.5) s pl f |000 0 pol  uhttp://koha.tu.koszalin.pl/cgi-bin/koha/opac-detail.pl?biblionumber=30987yKatalog online BPK